| 000 | 00512nam a2200157Ia 4500 | ||
|---|---|---|---|
| 008 | 150610s9999 xx 000 0 und d | ||
| 020 | _a9780439871730 | ||
| 050 |
_aPZ7 _b.D78297Dra 2007 |
||
| 100 | _a Drake, Salamanda | ||
| 245 |
_aDragonsdale / _cby Salamanda Drake ; illustrations by Salamanda Drake ; illustrations. |
||
| 250 | _a1st American ed. | ||
| 260 |
_aNew York : _bChicken House /Scholastic, _c2007. |
||
| 300 |
_a269pages : _billustrations ; _c21 cm. |
||
| 520 | _aFiction. | ||
| 650 | _xFantasy. | ||
| 999 |
_c288073 _d288073 |
||